书目信息 |
| 题名: |
北伐战争
|
|
| 作者: | ;中央档案馆 编 | |
| 分册: | ||
| 出版信息: | 北京 中共中央党校出版社 1981 |
|
| 页数: | 158页 | |
| 开本: | 21cm | |
| 丛书名: | 中共党史资料丛书 | |
| 单 册: | ||
| 中图分类: | K262.340.6 , D231 , K262.34 | |
| 科图分类: | ||
| 主题词: | 第一次国内革命战争-中国共产党--史料 , 中国--历史 | |
| 电子资源: | ||
| ISBN: | ||
| 000 | 00960nam2 2200337 45 | |
| 001 | 0181010173 | |
| 005 | 20040518170819.6 | |
| 010 | @dCNY0.45 | |
| 091 | @a3230.25 | |
| 100 | @a19950317d1981 em y0chiy0121 ea | |
| 101 | 0 | @achi |
| 102 | @aCN@b110000 | |
| 105 | @ay z 000yy | |
| 106 | @ar | |
| 200 | 10 | @a北伐战争@Abei fa zhan zheng@e资料选辑@f中央档案馆编 |
| 210 | @a北京@c中共中央党校出版社@d1981 | |
| 215 | @a158页@d21cm | |
| 225 | 2 | @a中共党史资料丛书 |
| 300 | @a内部发行 | |
| 300 | @a本书较完整地反映了七个战役情况 | |
| 410 | 0 | @120010@a中共党史资料丛书 |
| 601 | 02 | @a中国共产党@x第一次国内革命战争@x史料 |
| 606 | @a第一次国内革命战争-中国共产党@x史料 | |
| 606 | 0 | @a中国@x历史 |
| 690 | @aK262.340.6@v3 | |
| 690 | @aD231@v3 | |
| 690 | @aK262.34 | |
| 711 | 02 | @a中央档案馆@Azhong yang dang an guan@4编 |
| 801 | 0 | @aCN@b上海图书馆@c20040518 |
| 801 | 2 | @aCN@bNLC@c20040518 |
| 905 | @f3@b177180-182@f2@b90433-434@dK262.34@e11 | |
| 北伐战争:资料选辑/中央档案馆编.-北京:中共中央党校出版社,1981 |
| 158页;21cm.-(中共党史资料丛书) |
| 内部发行.-本书较完整地反映了七个战役情况 |
| ISBN :CNY0.45 |
| ● |
| 相关链接 |
|
|
|
|
正题名:北伐战争
索取号:K262.34/11
 
预约/预借
| 序号 | 登录号 | 条形码 | 馆藏地/架位号 | 状态 | 备注 |
| 1 | 0090433 | 000356117 | 第二借阅区/ [索取号:K262.34/11] | 在馆 | |
| 2 | 0090434 | 000356108 | 第二借阅区/ [索取号:K262.34/11] | 在馆 | |
| 3 | 0090435 | 000356126 | 第二样本阅览室/ [索取号:K262.34/11] | 在馆 | |
| 4 | 0177180 | 000356064 | 第二借阅区/ [索取号:K262.34/11] | 在馆 | |
| 5 | 0177181 | 000356055 | 第二借阅区/ [索取号:K262.34/11] | 在馆 | |
| 6 | 0177182 | 000356073 | 第二借阅区/ [索取号:K262.34/11] | 在馆 |